Sports Quiz

Random Sports or NFL Quiz

NFL Super Bowl Winner or Not? Quiz Stats

Quiz Updated Nov 8, 2016

Challenge
Share
Tweet
Embed
Score 0/24 Timer 03:00
2 Plays Today
Player Yes/No? % Correct
Terry Bradshaw???
91.4%
LaDainian Tomlinson???
89%
Michael Strahan???
88.5%
Barry Sanders???
84.9%
Dan Marino???
81.8%
Jim Kelly???
81.7%
Torry Holt???
80.6%
Mike Ditka???
80%
Warren Moon???
79%
O.J. Simpson???
78.6%
Ronnie Lott???
78.1%
Johnny Unitas???
77.7%
Player Yes/No? % Correct
Anthony Munoz???
71.1%
Fran Tarkenton???
68.4%
Vinny Testaverde???
65.6%
Junior Seau???
60.6%
Drew Bledsoe???
60.1%
Ricky Watters???
54.2%
Edgerrin James???
51.2%
Warrick Dunn???
46.2%
Mark Brunell???
43.5%
Andre Rison???
40.8%
Bernie Kosar???
31.2%
Priest Holmes???
30%

You're not logged in!

Compare scores with friends on all Sporcle quizzes.
Join for Free
OR
Log In

You Might Also Like...

Show Comments

Extras

Top Quizzes Today


Score Distribution

Your Account Isn't Verified!

In order to create a playlist on Sporcle, you need to verify the email address you used during registration. Go to your Sporcle Settings to finish the process.

Report this User

Report this user for behavior that violates our Community Guidelines.

Details: